An abstract of the evidence delivered before a select committee of the House of Commons in the years 1790, and 1791, on the part of the petitioners for the abolition of the slave-trade.

Bibliographic Details
Format: eBook
Language:English
Published: London : Printed by James Phillips, 1791.
Series:Slavery in America and the world: history, culture & law.
Subjects:
Online Access:Connect to the full text of this electronic book

MARC

Tag First Indicator Second Indicator Subfields
LEADER 00000cam a2200000 i 4500
001 in00004409469
005 20210123192058.0
006 m fo d
007 cr bn nnnauuuu
008 161123s1791 enk o 000 0 eng d
035 |a ccn00781793 
040 |a NjRocCCS  |b eng  |e rda  |c NjRocCCS 
043 |a e-uk--- 
050 4 |a KD7852.S5  |b A27 1791 
245 0 3 |a An abstract of the evidence delivered before a select committee of the House of Commons in the years 1790, and 1791, on the part of the petitioners for the abolition of the slave-trade. 
264 1 |a London :  |b Printed by James Phillips,  |c 1791. 
264 2 |a [Getzville, New York] :  |b William S. Hein and Company,  |c [2016] 
300 |a 1 online resource (xxvi, 155 pages). 
336 |a text  |b txt  |2 rdacontent 
337 |a computer  |b c  |2 rdamedia 
338 |a online resource  |b cr  |2 rdacarrier 
490 1 |a HeinOnline slavery in America and the world: history, culture & law 
588 |a Description based on PDF title page, viewed November 23, 2016. 
650 0 |a Slavery  |x Law and legislation  |z Great Britain. 
650 0 |a Slave trade  |z Great Britain  |x Colonies. 
655 7 |a Electronic books.  |2 local 
830 0 |a Slavery in America and the world: history, culture & law. 
856 4 0 |u http://proxy.library.tamu.edu/login?url=https://www.heinonline.org/HOL/Page?handle=hein.slavery/aevdchc0001&id=1&size=2&collection=slavery&index=alpha/A_slavery  |z Connect to the full text of this electronic book  |t 0 
949 |a KD 7852 .S5 A27 1791  |w LC  |c 1  |i 781793-1001  |d 5/19/2017  |l MAIN  |m HEN  |q 1  |r Y  |s Y  |t WEB  |u 11/23/2016  |x ENG  |z E-UK 
999 f f |s 22c83891-f165-326a-97ef-a4774e485c61  |i bd338a97-eb1c-31af-a479-00cadcf36cf8  |t 0 
952 f f |a Texas A&M University  |b College Station  |c Electronic Resources  |d Available Online  |t 0  |e KD7852.S5 A27 1791  |h Library of Congress classification 
998 f f |a KD7852.S5 A27 1791  |t 0  |l Available Online